| 000 | 01036nas a2200313 4500 | ||
|---|---|---|---|
| 001 | BR8000384 | ||
| 003 | BR-BrBNA | ||
| 005 | 20231205084111.0 | ||
| 007 | ta | ||
| 008 | 230509b bl.|||p| |||| 00| 00por d | ||
| 040 |
_aBR-BrBNA _bpor _cBiblioteca Nacional de Agricultura |
||
| 041 | _a(Pt) | ||
| 072 | _aF25; F60 | ||
| 100 | 1 | _aMorais, F.I. | |
| 100 | 1 | _aSilva, L.F. da | |
| 100 | 1 | _aMariano, A.H. | |
| 100 | 1 | _aPinho, A.F. de S. | |
| 245 | 1 | _aEfeitos da adubacao foliar e de substratos no crescimento de plantulas de cacau [Theobroma cacao; Brasil] | |
| 246 | 1 | _aEffect of substrates and foliar spray with fertilizers on the growth of cacao seedlings [Theobroma cacao; Brazil] | |
| 650 | _aFertilidade do solo | ||
| 650 | _aNutricao vegetal | ||
| 650 | _aCacau | ||
| 650 | _aAdubacao foliar | ||
| 650 | _aCrescimento | ||
| 650 | _aPlantula | ||
| 773 | 0 |
_tRevista Theobroma (Brazil) _xISSN 0370-7962 _g(Oct 1979), v. 9(4) p. 163-171 _wBR8000384 |
|
| 909 |
_a202311 _bLúcia _c55 _dLúcia Elande |
||
| 942 |
_2AGRIS _n0 _cANA |
||
| 999 |
_c103146 _d103146 |
||